Lebrinha e lebrete (Registo nº 15575)
[ vista simples ]
| 000 -Etiqueta do registo | |
|---|---|
| Valores | 00466nam a22001691i 4500 |
| 090 ## - | |
| -- | 15575 |
| 100 ## - Dados gerais de processamento | |
| Dados gerais | 20170304u u u0frey50 ba |
| 101 0# - Língua de publicação | |
| -- | por |
| 200 1# - Titulo e menção de responsabilidade | |
| Título próprio | Lebrinha e lebrete |
| 215 ## - Descrição física | |
| Paginação / Volumes | 13 p. |
| Outras indicações físicas | il. |
| Dimensões | 21 cm |
| 210 ## - Publicação | |
| Nome do editor | Maltese |
| 225 2# - Colecção | |
| Título próprio da colecção | Serelepe |
| 300 ## - Notas gerais | |
| Texto da nota | Oferta da família Alexandre |
| 410 #0 - | |
| -- | Serelepe |
| 996 ## - ISO2709 | |
| -- | 0019316 |
| -- | SER |
| -- | 00000000 |
| -- | 00000000 |
| -- | BMVA |
| -- | 1 |
| -- | Viana do Alentejo |
| -- | Literatura Infantil |
| -- | 35 |
| -- | Livro |
| -- | 0 |
| -- | 1 |
| 990 ## - Elementos KOHA | |
| Tipo de documento | Livro |
| Situação do levantamento | Estado | Biblioteca de origem | Biblioteca de empréstimo | Código de barras | Cota | Permissão de empréstimo | Tipo de documento |
|---|---|---|---|---|---|---|---|
| Completo | Biblioteca Municipal de Viana Do Alentejo | Biblioteca Municipal de Viana Do Alentejo | 0021309 | 087.5 SER | Disponível | Livro |